All Subdivision Capitals with the Same Name as their Subdivision - Statistics

General Stats
  • This quiz has been taken 5 times
  • The average score is 121 of 1983
Answers on the Map
Answers color-coded by a green-red scale on the quiz's map according to % correct below.
 
Answer Stats
Country Type Capital city % Correct
Ethiopia City Addis Ababa
67%
Yemen Province Aden
67%
Chile Region Antofagasta
67%
Belize District Belize City
67%
Argentina City Buenos Aires
67%
Mexico State Chihuahua
67%
Argentina Province Córdoba
67%
Mali Region Gao
67%
Togo Region Kara
67%
Jamaica Parish Kingston
67%
Jordan Province Ma'an
67%
Maldives City Malé
67%
Saudi Arabia Region Mecca
67%
Saudi Arabia Region Medina
67%
Mexico District Mexico City
67%
Algeria Province Oran
67%
Panama Province Panama City
67%
Mexico State Puebla
67%
Canada Province Quebec
67%
Mexico State Querétaro
67%
Brazil State Rio de Janeiro
67%
Saudi Arabia Region Riyadh
67%
Yemen Province Sana'a
67%
Costa Rica Province San José
67%
Trinidad and Tobago Region San Juan
67%
Argentina Province San Juan
67%
Argentina Province San Luis
67%
Chile Region Santiago
67%
Brazil State São Paulo
67%
Venezuela State Trujillo
67%
Mongolia Municipality Ulaanbaatar
67%
United States District Washington DC
67%
Ivory Coast District Abidjan
33%
United Arab Emirates Emirate Abu Dhabi
33%
Nigeria Territory Abuja
33%
Turkey Province Adana
33%
Japan Prefecture Akita
33%
Iceland Municipality Akureyri
33%
Syria Province Aleppo
33%
Egypt Province Alexandria
33%
Algeria Province Algiers
33%
Kazakhstan City Almaty
33%
Mongolia Province Altai
33%
Jordan Province Amman
33%
Andorra Parish Andorra la Vella
33%
Turkey Province Ankara
33%
Turkey Province Antalya
33%
Japan Prefecture Aomori
33%
Peru Departament Arequipa
33%
Russia Region Arkhangelsk
33%
Turkmenistan District Ashgabat
33%
Paraguay District Asunción
33%
Egypt Province Aswan
33%
Iraq Province Baghdad
33%
Azerbaijan City Baku
33%
Turkmenistan Region Balkanabat
33%
Mali District Bamako
33%
Indonesia Province Bandar Lampung
33%
Thailand Area Bangkok
33%
Central African Republic Commune Bangui
33%
Gambia City Banjul
33%
Montenegro Municipality Bar
33%
Iraq Province Basra
33%
Cambodia Province Battambang
33%
China Municipality Beijing
33%
Lebanon Province Beirut
33%
Serbia City Belgrade
33%
Libya District Benghazi
33%
Angola Province Benguela
33%
Germany State Berlin
33%
Switzerland Canton Bern
33%
Kyrgyzstan City Bishkek
33%
Guinea-Bissau Sector Bissau
33%
Slovakia Region Bratislava
33%
Republic of the Congo Department Brazzaville
33%
Germany State Bremen
33%
Romania Municipality Bucharest
33%
Hungary County Budapest
33%
Burundi Province Bujumbura
33%
Uzbekistan Region Bukhara
33%
Turkey Province Bursa
33%
South Korea Province Busan
33%
Angola Province Cabinda
33%
Egypt Province Cairo
33%
Venezuela District Caracas
33%
Morocco Region Casablanca
33%
Saint Lucia District Castries
33%
Spain City Ceuta
33%
Russia Region Chelyabinsk
33%
Thailand Province Chiang Mai
33%
Japan Prefecture Chiba
33%
Moldova Municipality Chișinău
33%
Bangladesh Division Chittagong
33%
Thailand Province Chonburi
33%
China Municipality Chongqing
33%
Bolivia Department Cochabamba
33%
Mexico State Colima
33%
Guinea Region Conakry
33%
Algeria Province Constantine
33%
Ireland City Cork
33%
Ireland County Cork
33%
Argentina Province Corrientes
33%
Peru Departament Cusco
33%
South Korea Province Daegu
33%
South Korea Province Daejeon
33%
Senegal Region Dakar
33%
India Territory Daman
33%
Syria Province Damascus
33%
Tanzania Region Dar es Salaam
33%
Mongolia Province Darkhan
33%
Bangladesh Division Dhaka
33%
East Timor Municipality Dili
33%
Ethiopia City Dire Dawa
33%
Djibouti Region Djibouti
33%
Ukraine Region Dnipro
33%
Tanzania Region Dodoma
33%
Qatar Municipality Doha
33%
Ukraine Region Donetsk
33%
United Arab Emirates Emirate Dubai
33%
Ireland City Dublin
33%
Croatia County Dubrovnik
33%
Tajikistan Region Dushanbe
33%
Morocco Region Fès
33%
Argentina Province Formosa
33%
Bahamas District Freeport
33%
Japan Prefecture Fukui
33%
Japan Prefecture Fukuoka
33%
Japan Prefecture Fukushima
33%
Tuvalu Island Funafuti
33%
Botswana City Gaborone
33%
Turkey Province Gaziantep
33%
Switzerland Canton Geneva
33%
United Kingdom Territory Gibraltar
33%
Japan Prefecture Gifu
33%
Burundi Province Gitega
33%
Egypt Province Giza
33%
Guatemala Department Guatemala City
33%
South Korea Province Gwangju
33%
Bhutan District Haa
33%
Saudi Arabia Region Ha'il
33%
Germany State Hamburg
33%
Zimbabwe Province Harare
33%
Cuba Province Havana
33%
Afghanistan Province Herat
33%
Japan Prefecture Hiroshima
33%
China Special Region Hong Kong
33%
Solomon Islands Territory Honiara
33%
South Korea Province Incheon
33%
Russia Region Irkutsk
33%
Iran Province Isfahan
33%
Pakistan Territory Islamabad
33%
Turkey Province Istanbul
33%
Turkey Province İzmir
33%
Indonesia Province Jakarta
33%
South Korea Province Jeju
33%
Israel District Jerusalem
33%
Afghanistan Province Kabul
33%
Nigeria State Kaduna
33%
Japan Prefecture Kagoshima
33%
Russia Region Kaluga
33%
Uganda District Kampala
33%
Nigeria State Kano
33%
Taiwan Municipality Kaohsiung
33%
Lithuania County Kaunas
33%
Russia Territory Khabarovsk
33%
Ukraine Region Kharkiv
33%
Sudan State Khartoum
33%
Ukraine City Kiev
33%
Ukraine Region Kiev
33%
Rwanda Province Kigali
33%
Marshall Islands Municipality Kili
33%
Democratic Republic of the Congo Province Kinshasa
33%
Japan Prefecture Kōchi
33%
Turkey Province Konya
33%
Slovakia Region Košice
33%
Russia Territory Krasnodar
33%
Russia Territory Krasnoyarsk
33%
Malaysia Territory Kuala Lumpur
33%
Japan Prefecture Kumamoto
33%
Japan Prefecture Kyoto
33%
Morocco Region Laâyoune
33%
Honduras Department La Paz
33%
Bolivia Department La Paz
33%
Nicaragua Department León
33%
Peru Province Lima
33%
Cyprus District Limassol
33%
Portugal District Lisbon
33%
Slovenia City Ljubljana
33%
Angola Province Luanda
33%
Zambia Province Lusaka
33%
Luxembourg Canton Luxembourg
33%
Egypt Province Luxor
33%
Ukraine Region Lviv
33%
China Special Region Macau
33%
Spain Community Madrid
33%
Russia Region Magadan
33%
Marshall Islands Municipality Majuro
33%
Nicaragua Department Managua
33%
Myanmar Region Mandalay
33%
Mozambique City Maputo
33%
Morocco Region Marrakesh
33%
Turkmenistan Region Mary
33%
Lesotho District Maseru
33%
Palau State Melekeok
33%
Argentina Province Mendoza
33%
Venezuela State Mérida
33%
Belarus Region Minsk
33%
Belarus City Minsk
33%
Japan Prefecture Miyazaki
33%
Kenya County Mombasa
33%
Monaco Ward Monaco
33%
Uruguay Departament Montevideo
33%
Russia Region Moscow
33%
Russia City Moscow
33%
Russia Region Murmansk
33%
Turkey Province Muş
33%
Oman Province Muscat
33%
Tanzania Region Mwanza
33%
Algeria Province Naâma
33%
Japan Prefecture Nagano
33%
Japan Prefecture Nagasaki
33%
Kenya County Nairobi
33%
Japan Prefecture Nara
33%
Myanmar Territory Naypyidaw
33%
Chad Region N'Djamena
33%
Argentina Province Neuquén
33%
Taiwan Municipality New Taipei
33%
Niger Region Niamey
33%
Cyprus District Nicosia
33%
Japan Prefecture Niigata
33%
Russia Region Nizhny Novgorod
33%
Russia Region Novosibirsk
33%
Kazakhstan City Nur-Sultan
33%
Mexico State Oaxaca
33%
Ukraine Region Odessa
33%
Japan Prefecture Ōita
33%
Japan Prefecture Okayama
33%
Russia Region Omsk
33%
Belize District Orange Walk
33%
Russia Region Orenburg
33%
Suriname District Paramaribo
33%
Russia Territory Perm
33%
Russia Territory Petropavlovsk-Kamchatsky
33%
Cambodia Province Phnom Penh
33%
Montenegro Municipality Podgorica
33%
Papua New Guinea District Port Moresby
33%
Portugal District Porto
33%
Trinidad and Tobago Municipality Port of Spain
33%
Egypt Province Port Said
33%
Czech Republic Region Prague
33%
Cape Verde Municipality Praia
33%
Kosovo District Pristina
33%
North Korea Direct-administered City Pyongyang
33%
Iran Province Qom
33%
Morocco Region Rabat
33%
Iceland Municipality Reykjavík
33%
Latvia City Rīga
33%
Russia Region Ryazan
33%
Japan Prefecture Saga
33%
Antigua and Barbuda Parish Saint John's
33%
Russia City Saint Petersburg
33%
France Territory Saint-Pierre
33%
Japan Prefecture Saitama
33%
Argentina Province Salta
33%
Uruguay Departament Salto
33%
Austria State Salzburg
33%
Russia Region Samara
33%
Uzbekistan Region Samarqand
33%
Mexico State San Luis Potosí
33%
San Marino Municipality San Marino
33%
Ivory Coast Region San-Pédro
33%
Paraguay Departament San Pedro
33%
El Salvador Department San Salvador
33%
Argentina Province Santa Fe
33%
Russia Region Saratov
33%
Liechtenstein Municipality Schaan
33%
South Korea Province Seoul
33%
Tunisia Province Sfax
33%
China Municipality Shanghai
33%
Japan Prefecture Shizuoka
33%
Kazakhstan City Shymkent
33%
Cambodia Province Siem Reap
33%
Bulgaria Province Sofia
33%
Bulgaria Province Sofia
33%
Tunisia Province Sousse
33%
Croatia County Split
33%
India Territory Srinagar | Jammu
33%
Egypt Province Suez
33%
Taiwan Municipality Taichung
33%
Taiwan Municipality Tainan
33%
Taiwan Municipality Taipei
33%
Morocco Region Tangier
33%
Estonia County Tartu
33%
Uzbekistan City Tashkent
33%
Georgia Municipality Tbilisi
33%
Iran Province Tehran
33%
Israel District Tel Aviv
33%
Senegal Region Thiès
33%
Bhutan District Thimphu
33%
China Municipality Tianjin
33%
Albania County Tirana
33%
Mexico State Tlaxcala
33%
Japan Prefecture Tokushima
33%
Japan Prefecture Tottori
33%
Japan Prefecture Toyama
33%
Italy Region Trento
33%
Libya District Tripoli
33%
Tunisia Province Tunis
33%
Russia Region Tyumen
33%
South Korea Province Ulsan
33%
Liechtenstein Municipality Vaduz
33%
Spain Community Valencia
33%
Chile Region Valparaíso
33%
Turkey Province Van
33%
Italy Region Venice
33%
Austria State Vienna
33%
Laos Prefecture Vientiane
33%
Lithuania County Vilnius
33%
Russia Region Volgograd
33%
Russia Region Voronezh
33%
Japan Prefecture Wakayama
33%
Japan Prefecture Yamagata
33%
Japan Prefecture Yamaguchi
33%
Ivory Coast District Yamoussoukro
33%
Myanmar Region Yangon
33%
Nauru District Yaren
33%
Armenia Municipality Yerevan
33%
Indonesia Province Yogyakarta
33%
Mexico State Zacatecas
33%
Croatia County Zagreb
33%
Croatia City Zagreb
33%
Switzerland Canton Zürich
33%
Uganda District Abim
0%
San Marino Municipality Acquaviva
0%
Latvia Municipality Ādaži
0%
Turkey Province Adıyaman
0%
Uganda District Adjumani
0%
Algeria Province Adrar
0%
Turkey Province Afyonkarahisar
0%
Niger Region Agadez
0%
Uganda District Agago
0%
Azerbaijan District Agdash
0%
Azerbaijan District Aghjabadi
0%
Turkey Province Ağrı
0%
Azerbaijan District Agstafa
0%
Azerbaijan District Agsu
0%
Mexico State Aguascalientes
0%
Kuwait Province Ahmadi
0%
El Salvador Department Ahuachapán
0%
East Timor Municipality Aileu
0%
East Timor Municipality Ainaro
0%
Algeria Province Aïn Defla
0%
Algeria Province Aïn Témouchent
0%
Latvia Municipality Aizkraukle
0%
Slovenia Municipality Ajdovščina
0%
Jordan Province Ajloun
0%
United Arab Emirates Emirate Ajman
0%
Iceland Municipality Akrahreppur
0%
Iceland Municipality Akranes
0%
Turkey Province Aksaray
0%
Kazakhstan Region Aktobe
0%
Costa Rica Province Alajuela
0%
Romania County Alba Iulia
0%
Yemen Province Al Bayda
0%
Oman Province Al Buraymi
0%
Uganda District Alebtong
0%
Kuwait Province Al Farwaniyah
0%
Yemen Province Al Hudaydah
0%
Djibouti Region Ali Sabieh
0%
Kuwait Province Al-Jahra
0%
Qatar Municipality Al Khor
0%
Yemen Province Al Mahwit
0%
Sudan State Al Qadarif
0%
Qatar Municipality Al Rayyan
0%
Qatar Municipality Al-Shahaniya
0%
Latvia Municipality Alūksne
0%
Qatar Municipality Al Wakrah
0%
Lithuania County Alytus
0%
Turkey Province Amasya
0%
Thailand Province Amnat Charoen
0%
Uganda District Amolatar
0%
Yemen Province Amran
0%
Uganda District Amudat
0%
Uganda District Amuria
0%
Uganda District Amuru
0%
Nauru District Anabar
0%
Uzbekistan Region Andijan
0%
Montenegro Municipality Andrijevica
0%
Moldova District Anenii Noi
0%
Thailand Province Ang Thong
0%
Nauru District Anibare
0%
Slovenia Municipality Ankaran
0%
Algeria Province Annaba
0%
Seychelles District Anse aux Pins
0%
Seychelles District Anse Boileau
0%
Seychelles District Anse Etoile
0%
Saint Lucia District Anse la Raye
0%
Seychelles District Anse Royale
0%
Italy Region Aosta
0%
Uganda District Apac
0%
Slovenia Municipality Apače
0%
Jordan Province Aqaba
0%
North Macedonia Municipality Aračinovo
0%
Romania County Arad
0%
Colombia Department Arauca
0%
Iran Province Ardabil
0%
Turkey Province Ardahan
0%
Tunisia Province Ariana
0%
Trinidad and Tobago Municipality Arima
0%
Armenia Province Armavir
0%
Iceland Municipality Árneshreppur
0%
Marshall Islands Municipality Arno
0%
Djibouti Region Arta
0%
Cuba Province Artemisa
0%
Uruguay Departament Artigas
0%
Turkey Province Artvin
0%
Uganda District Arua
0%
Tanzania Region Arusha
0%
Iceland Municipality Ásahreppur
0%
Syria Province As-Suwayda
0%
Azerbaijan District Astara
0%
Russia Region Astrakhan
0%
Egypt Province Asyut
0%
Laos Province Attapeu
0%
Kazakhstan Region Atyrau
0%
Portugal District Aveiro
0%
Peru Departament Ayacucho
0%
Turkey Province Aydın
0%
Dominican Republic Province Azua
0%
Lebanon Province Baalbek
0%
Romania County Bacău
0%
Guinea-Bissau Region Bafatá
0%
Myanmar Region Bago
0%
Seychelles District Baie Lazare
0%
Kazakhstan City Baikonur
0%
Azerbaijan District Balakan
0%
Turkey Province Balıkesir
0%
Moldova Municipality Bălți
0%
Latvia Municipality Balvi
0%
Liechtenstein Municipality Balzers
0%
Afghanistan Province Bamyan
0%
Slovakia Region Banská Bystrica
0%
Dominican Republic Province Barahona
0%
Azerbaijan District Barda
0%
Venezuela State Barinas
0%
Bangladesh Division Barishal
0%
Turkey Province Bartın
0%
Moldova District Basarabeasca
0%
Kyrgyzstan Region Batken
0%
Turkey Province Batman
0%
Algeria Province Batna
0%
East Timor Municipality Baucau
0%
Nigeria State Bauchi
0%
Latvia Municipality Bauska
0%
Mongolia Province Bayankhongor
0%
Turkey Province Bayburt
0%
Vietnam Province Bắc Giang
0%
Vietnam Province Bắc Kạn
0%
Vietnam Province Bạc Liêu
0%
Vietnam Province Bắc Ninh
0%
Seychelles District Beau Vallon
0%
Algeria Province Béchar
0%
Tunisia Province Béja
0%
Portugal District Beja
0%
Algeria Province Béjaïa
0%
Seychelles District Bel Air
0%
Russia Region Belgorod
0%
Seychelles District Bel Ombre
0%
Slovenia Municipality Beltinci
0%
Tunisia Province Ben Arous
0%
Moldova Municipality Bender
0%
Slovenia Municipality Benedikt
0%
Indonesia Province Bengkulu
0%
Algeria Province Béni Abbès
0%
Morocco Region Béni Mellal
0%
Egypt Province Beni Suef
0%
Montenegro Municipality Berane
0%
Albania County Berat
0%
North Macedonia Municipality Berovo
0%
Azerbaijan District Beylagan
0%
Montenegro Municipality Bijelo Polje
0%
Azerbaijan District Bilasuvar
0%
Turkey Province Bilecik
0%
Turkey Province Bingöl
0%
Nigeria State Birnin Kebbi
0%
Algeria Province Biskra
0%
Slovenia Municipality Bistrica ob Geotli
0%
Romania County Bistrița
0%
Turkey Province Bitlis
0%
North Macedonia Municipality Bitola
0%
Tunisia Province Bizerte
0%
Croatia County Bjelovar
0%
Bahamas District Black Point
0%
Bulgaria Province Blagoevgrad
0%
Iceland Municipality Bláskógabyggð
0%
Slovenia Municipality Bled
0%
Algeria Province Blida
0%
Iceland Municipality Blönduós
0%
Vietnam Province Bến Tre
0%
Nicaragua Department Boaco
0%
Panama Province Bocas del Toro
0%
Nauru District Boe
0%
North Macedonia Municipality Bogdanci
0%
North Macedonia Municipality Bogovinje
0%
Slovenia Municipality Bohinjska
0%
Guinea Region Boké
0%
Guinea-Bissau Region Bolama
0%
Turkey Province Bolu
0%
Iceland Municipality Bolungarvík
0%
Kenya County Bomet
0%
Serbia District Bor
0%
Algeria Province Bordj Badji Mokhtar
0%
Algeria Province Bordj Bou Arréridj
0%
Iceland Municipality Borgarbyggð
0%
San Marino Municipality Borgo Maggiore
0%
Slovenia Municipality Borovnica
0%
North Macedonia Municipality Bosilovo
0%
Romania County Botoșani
0%
Algeria Province Bouïra
0%
Algeria Province Boumerdès
0%
Slovenia Municipality Bovec
0%
Portugal District Braga
0%
Portugal District Bragança
0%
Romania County Brăila
0%
Slovenia Municipality Braslovče
0%
Romania County Brașov
0%
Bosnia and Herzegovina District Brčko
0%
Slovenia Municipality Brda
0%
Belarus Region Brest
0%
Slovenia Municipality Brežice
0%
Slovenia Municipality Brezovica
0%
Moldova District Briceni
0%
Suriname District Brokopondo
0%
North Macedonia Municipality Brvenica
0%
Russia Region Bryansk
0%
Burundi Province Bubanza
0%
Uganda District Budaka
0%
Uganda District Bududa
0%
Montenegro Municipality Budva
0%
Thailand Province Bueng Kan
0%
Uganda District Bugiri
0%
Uganda District Buhweju
0%
Uganda District Buikwe
0%
Uganda District Bukedea
0%
Uganda District Bukomansimbi
0%
Uganda District Bukwa
0%
Uganda District Bulambuli
0%
Zimbabwe Province Bulawayo
0%
Mongolia Province Bulgan
0%
Uganda District Buliisa
0%
Uganda District Bundibugyo
0%
Kenya County Bungoma
0%
Turkey Province Burdur
0%
Bulgaria Province Burgas
0%
Thailand Province Buriram
0%
Burundi Province Bururi
0%
Iran Province Bushehr
0%
Uganda District Bushenyi
0%
Kenya County Busia
0%
Uganda District Busia
0%
Uganda District Butaleja
0%
Uganda District Butambala
0%
Uganda District Butebo
0%
Lesotho District Butha-Buthe
0%
Uganda District Buvuma
0%
Uganda District Buyende
0%
Romania County Buzău
0%
Paraguay Departament Caazapá
0%
Guinea-Bissau Region Cacheu
0%
Moldova District Cahul
0%
Peru Departament Cajamarca
0%
Moldova District Călărași
0%
Romania County Călărași
0%
Peru City Callao
0%
Cuba Province Camagüey
0%
Vietnam Province Cà Mau
0%
Turkey Province Çanakkale
0%
Saint Lucia District Canaries
0%
Uruguay Departament Canelones
0%
Andorra Parish Canillo
0%
Turkey Province Çankırı
0%
Slovenia Municipality Cankova
0%
Burundi Province Cankuzo
0%
Moldova District Cantemir
0%
Vietnam Province Cao Bằng
0%
Luxembourg Canton Capellen
0%
Ireland County Carlow
0%
Costa Rica Province Cartago
0%
North Macedonia Municipality Čaška
0%
Portugal District Castelo Branco
0%
Moldova District Căușeni
0%
Ireland County Cavan
0%
Slovenia City Celje
0%
North Macedonia Municipality Centar Župa
0%
Slovenia Municipality Cerklje na Gorenjskem
0%
Slovenia Municipality Cerknica
0%
Slovenia Municipality Cerkno
0%
Slovenia Municipality Cerkvenjak
0%
Peru Departament Cerro de Pasco
0%
Latvia Municipality Cēsis
0%
Montenegro Municipality Cetinje
0%
Thailand Province Chachoengsao
0%
Trinidad and Tobago Municipality Chaguanas
0%
Thailand Province Chai Nat
0%
Thailand Province Chaiyaphum
0%
El Salvador Department Chalatenango
0%
India Territory Chandigarh
0%
Taiwan County Changhua
0%
Thailand Province Chanthaburi
0%
Ukraine Region Cherkasy
0%
Russia Republic Cherkessk
0%
Ukraine Region Chernihiv
0%
Ukraine Region Chernivtsi
0%
Thailand Province Chiang Rai
0%
Taiwan City Chiayi
0%
San Marino Municipality Chiesanuova
0%
Guatemala Department Chimaltenango
0%
Nicaragua Department Chinandega
0%
Guatemala Department Chiquimula
0%
Algeria Province Chlef
0%
Saint Lucia District Choiseul
0%
Honduras Department Choluteca
0%
Bhutan District Chukha
0%
Thailand Province Chumphun
0%
Burundi Province Cibitoke
0%
Cuba Province Ciego de Ávila
0%
Cuba Province Cienfuegos
0%
Moldova District Cimișlia
0%
Slovenia Municipality Cirkulane
0%
Luxembourg Canton Clervaux
0%
Romania County Cluj-Napoca
0%
Vietnam Municipality Cần Thơ
0%
Portugal District Coimbra
0%
Panama Province Colón
0%
Uruguay Departament Colonia del Sacramento
0%
Honduras Department Comayagua
0%
Paraguay Departament Concepción
0%
Romania County Constanța
0%
Belize District Corozal
0%
Turkey Province Çorum
0%
Trinidad and Tobago Region Couva
0%
Slovenia Municipality Črenšovci
0%
Moldova District Criuleni
0%
Slovenia Municipality Črna na Gekem
0%
Slovenia Municipality Črnomelj
0%
North Macedonia Municipality Čučer-Sandevo
0%
Bhutan District Dagana
0%
Dominican Republic Province Dajabón
0%
Morocco Region Dakhla
0%
Iceland Municipality Dalvik
0%
Egypt Province Damietta
0%
Montenegro Municipality Danilovgrad
0%
Vietnam Municipality Đà Nẵng
0%
Syria Province Daraa
0%
Turkmenistan Region Dashoguz
0%
Azerbaijan District Daskasan
0%
Latvia City Daugavpils
0%
Philippines Region Davao
0%
North Macedonia Municipality Debar
0%
Syria Province Deir ez-Zor
0%
North Macedonia Municipality Delčevo
0%
North Macedonia Municipality Demir Hisar
0%
North Macedonia Municipality Demir Kapija
0%
Turkey Province Denizli
0%
Saint Lucia District Dennery
0%
Libya District Derna
0%
Slovenia Municipality Destrnik
0%
Yemen Province Dhale
0%
Yemen Province Dhamar
0%
Trinidad and Tobago Region Diego Martin
0%
Luxembourg Canton Diekirch
0%
Niger Region Diffa
0%
Djibouti Region Dikhil
0%
Vietnam Province Điện Biên Phủ
0%
Senegal Region Diourbel
0%
Slovenia Municipality Divača
0%
Turkey Province Diyarbakır
0%
Algeria Province Djanet
0%
Algeria Province Djelfa
0%
Latvia Municipality Dobele
0%
Slovenia Municipality Dobje
0%
Bulgaria Province Dobrich
0%
Slovenia Municipality Dobrna
0%
Slovenia Municipality Dobrovnik
0%
Uganda District Dokolo
0%
Slovenia Municipality Dolenjske Toplice
0%
North Macedonia Municipality Dolneni
0%
Slovenia Municipality Dolpri Ljubljani
0%
San Marino Municipality Domagnano
0%
Slovenia Municipality Domžale
0%
Moldova District Dondușeni
0%
Slovenia Municipality Dornava
0%
Niger Region Dosso
0%
Cambodia Province Doun Kaev
0%
Slovenia Municipality Dravograd
0%
Moldova District Drochia
0%
Moldova District Dubăsari
0%
Iraq Province Duhok
0%
Ireland County Dún Laoghaire
0%
Uruguay Departament Durazno
0%
Albania County Durrës
0%
Turkey Province Düzce
0%
Marshall Islands Municipality Ebon
0%
Luxembourg Canton Echternach
0%
Moldova District Edineț
0%
Turkey Province Edirne
0%
Turkey Province Elazığ
0%
Albania County Elbasan
0%
Algeria Province El Bayadh
0%
Algeria Province El Menia
0%
Algeria Province El M'Ghair
0%
Algeria Province El Oued
0%
Dominican Republic Province El Seibo
0%
Algeria Province El Taref
0%
Kenya County Embu
0%
Andorra Parish Encamp
0%
Marshall Islands Municipality Enewetok
0%
Seychelles District English River
0%
Nigeria State Enugu
0%
Iraq Province Erbil
0%
Turkey Province Erzincan
0%
Turkey Province Erzurum
0%
Andorra Parish Escaldes-Engordany
0%
Liechtenstein Municipality Eschen
0%
Luxembourg Canton Esch-sur-Alzette
0%
Guatemala Department Escuintla
0%
Turkey Province Eskişehir
0%
Ecuador Province Esmeraldas
0%
Nicaragua Department Estelí
0%
Portugal District Évora
0%
Iceland Municipality Eyja- og Miklaholtshreppur
0%
San Marino Municipality Faetano
0%
Egypt Province Faiyum
0%
Moldova District Fălești
0%
Cyprus District Famagusta
0%
Afghanistan Province Farah
0%
Guinea Region Faranah
0%
Portugal District Faro
0%
Senegal Region Fatick
0%
Maldives Atoll Felidhoo
0%
Uzbekistan Region Fergana
0%
Kosovo District Ferizaj
0%
Albania County Fier
0%
San Marino Municipality Fiorentino
0%
Iceland Municipality Fjallabyggð
0%
Iceland Municipality Fjarðabyggð
0%
Iceland Municipality Fljótsdalur
0%
Iceland Municipality Flóahreppur
0%
Moldova District Florești
0%
Uruguay Departament Florida
0%
Botswana City Francistown
0%
Switzerland Canton Fribourg
0%
United Arab Emirates Emirate Fujairah
0%
Azerbaijan District Füzuli
0%
Tunisia Province Gabès
0%
Bulgaria Province Gabrovo
0%
Guinea-Bissau Region Gabu
0%
Azerbaijan District Gadabay
0%
Tunisia Province Gafsa
0%
Romania County Galați
0%
Ireland City Galway
0%
Ireland County Galway
0%
Ethiopia Region Gambela
0%
Liechtenstein Municipality Gamprin
0%
Azerbaijan City Ganja
0%
Iceland Municipality Garðabær
0%
Kenya County Garissa
0%
Bhutan District Gasa Dzong
0%
Tanzania Region Geita
0%
North Macedonia Municipality Gevgelija
0%
Botswana District Ghanzi
0%
Algeria Province Ghardaïa
0%
Libya District Ghat
0%
Afghanistan Province Ghazni
0%
Pakistan Territory Gilgit
0%
Turkey Province Giresun
0%
Romania County Giurgiu
0%
Kosovo District Gjakova
0%
Kosovo District Gjilan
0%
Albania County Gjirokastër
0%
Seychelles District Glacis
0%
Switzerland Canton Glarus
0%
Moldova District Glodeni
0%
Azerbaijan District Gobustan
0%
Uganda District Gomba
0%
Nigeria State Gombe
0%
Belarus Region Gomel
0%
Azerbaijan District Goranboy
0%
Slovenia Municipality Gorenja Vas-Poljane
0%
Slovenia Municipality Gorišnica
0%
Slovenia Municipality Gornja Radgona
0%
Slovenia Municipality Gornji Grad
0%
Slovenia Municipality Gornji Petrovci
0%
Russia Republic Gorno-Altaysk
0%
Indonesia Province Gorontalo
0%
North Macedonia Municipality Gostivar
0%
Azerbaijan District Goychay
0%
Azerbaijan District Goygol
0%
Slovenia Municipality Grad
0%
North Macedonia Municipality Gradsko
0%
Nicaragua Department Granada
0%
Seychelles District Grand'Anse
0%
Seychelles District Grand'Anse
0%
Luxembourg Canton Grevenmacher
0%
Iceland Municipality Grindavík
0%
Belarus Region Grodno
0%
Saint Lucia District Gros Islet
0%
Slovenia Municipality Grosuplje
0%
Iceland Municipality Grundarfjörður
0%
Mexico State Guanajuato
0%
Cuba Province Guantánamo
0%
Portugal District Guarda
0%
Algeria Province Guelma
0%
Morocco Region Guelmim
0%
Latvia Municipality Gulbene
0%
Uganda District Gulu
0%
Turkey Province Gümüşhane
0%
Montenegro Municipality Gusinje
0%
Hungary County Győr
0%
Iceland Municipality Hafnarfjörður
0%
Vietnam Province Hà Giang
0%
Israel District Haifa
0%
Azerbaijan District Hajiqabul
0%
Yemen Province Hajjah
0%
Turkey Province Hakkâri
0%
Iraq Province Halabja
0%
Syria Province Hama
0%
Iran Province Hamadan
0%
Vietnam Municipality Hà Nội
0%
Bahamas District Harbour Island
0%
Syria Province Hasaka
0%
Bulgaria Province Haskovo
0%
Vietnam Province Hà Tĩnh
0%
Palau State Hatohobei
0%
Dominican Republic Province Hato Mayor
0%
Kuwait Province Hawalli
0%
Iceland Municipality Helgafell
0%
Montenegro Municipality Herceg Novi
0%
Costa Rica Province Heredia
0%
Vietnam Province Hải Dương
0%
Moldova District Hîncești
0%
Vietnam Municipality Hải Phòng
0%
Vietnam Province Hòa Bình
0%
Slovenia Municipality Hodoš
0%
Uganda District Hoima
0%
Cuba Province Holguín
0%
Kenya County Homa Bay
0%
Syria Province Homs
0%
Slovenia Municipality Horjul
0%
Iceland Municipality Hornafjörður
0%
Czech Republic Region Hradec Králové
0%
Slovenia Municipality Hrastnik
0%
Slovenia Municipality Hrib-Loški Potok
0%
Slovenia Municipality Hrpelje-Kozina
0%
Taiwan City Hsinchu
0%
Vietnam Province Huế
0%
Taiwan County Hualien
0%
Angola Province Huambo
0%
Peru Departament Huancavelica
0%
Peru Departament Huánuco
0%
Guatemala Department Huehuetenango
0%
Iceland Municipality Húnavatnshreppur
0%
Vietnam Province Hưng Yên
0%
Iceland Municipality Hveragerði
0%
Moldova District Ialoveni
0%
Romania County Iași
0%
Uganda District Ibanda
0%
Yemen Province Ibb
0%
Peru Departament Ica
0%
Syria Province Idlib
0%
Slovenia Municipality Idrija
0%
Slovenia Municipality Ig
0%
Uganda District Iganga
0%
Turkey Province Iğdır
0%
Nauru District Ijuw
0%
Iran Province Ilam
0%
North Macedonia Municipality Ilinden
0%
Slovenia Municipality Ilirska Bistrica
0%
Algeria Province Illizi
0%
Azerbaijan District Imishli
0%
Algeria Province In Guezzam
0%
Mozambique Province Inhambane
0%
Algeria Province In Salah
0%
Jordan Province Irbid
0%
Tanzania Region Iringa
0%
Iceland Municipality Ísafjörður
0%
Uganda District Isingiro
0%
Kenya County Isiolo
0%
Egypt Province Ismailia
0%
Azerbaijan District Ismailli
0%
Turkey Province Isparta
0%
Slovenia Municipality Ivančna Gorica
0%
Ukraine Region Ivano-Frankivsk
0%
Russia Region Ivanovo
0%
Slovenia Municipality Izola
0%
Azerbaijan District Jabrayil
0%
Kyrgyzstan Region Jalal-Abad
0%
Guatemala Department Jalapa
0%
Azerbaijan District Jalilabad
0%
Marshall Islands Municipality Jaluit
0%
Indonesia Province Jambi
0%
Saudi Arabia Region Jazan
0%
North Macedonia Municipality Jegunovce
0%
Latvia Municipality Jēkabpils
0%
Latvia City Jelgava
0%
Latvia Municipality Jelgava
0%
Tunisia Province Jendouba
0%
Jordan Province Jerash
0%
Slovenia Municipality Jesenice
0%
Slovenia Municipality Jezersko
0%
Algeria Province Jijel
0%
Uganda District Jinja
0%
Nicaragua Department Jinotega
0%
Uzbekistan Region Jizzakh
0%
Estonia County Jõgeva
0%
Sweden County Jönköping
0%
Latvia City Jūrmala
0%
Slovenia Municipality Juršinci
0%
Guatemala Department Jutiapa
0%
Botswana Town Jwaneng
0%
Uganda District Kaabong
0%
Uganda District Kabale
0%
Uganda District Kaberamaido
0%
North Korea Special-level City Kaesong
0%
Senegal Region Kaffrine
0%
Egypt Province Kafr El Sheikh
0%
Uganda District Kagadi
0%
Turkey Province Kahramanmaraş
0%
Tunisia Province Kairouan
0%
Kenya County Kajiado
0%
Kenya County Kakamega
0%
Uganda District Kakumiro
0%
Uganda District Kalangala
0%
Thailand Province Kalasin
0%
Azerbaijan District Kalbajar
0%
Iceland Municipality Kaldrananes
0%
Russia Region Kaliningrad
0%
Uganda District Kaliro
0%
Sweden County Kalmar
0%
Uganda District Kalungu
0%
Slovenia Municipality Kamnik
0%
Thailand Province Kamphaeng Phet
0%
Cambodia Province Kampong Cham
0%
Cambodia Province Kampong Chhnang
0%
Cambodia Province Kampot
0%
Uganda District Kamuli
0%
Uganda District Kamwenge
0%
Slovenia Municipality Kanal
0%
Thailand Province Kanchanaburi
0%
Afghanistan Province Kandahar
0%
Guinea Region Kankan
0%
Uganda District Kanungu
0%
Senegal Region Kaolack
0%
Uganda District Kapchorwa
0%
Uganda District Kapelebyong
0%
Turkey Province Karabük
0%
Kazakhstan Region Karaganda
0%
Turkey Province Karaman
0%
Iraq Province Karbala
0%
North Macedonia Municipality Karbinci
0%
Bulgaria Province Kardzhali
0%
Uganda District Karenga
0%
Croatia County Karlovac
0%
Czech Republic Region Karlovy Vary
0%
Turkey Province Kars
0%
Burundi Province Karuzi
0%
Uganda District Kasanda
0%
Uganda District Kasese
0%
Sudan State Kassala
0%
Tunisia Province Kasserine
0%
Turkey Province Kastamonu
0%
Uganda District Katakwi
0%
Nigeria State Katsina
0%
North Macedonia Municipality Kavadarci
0%
Palau State Kayangel
0%
Burundi Province Kayanza
0%
Mali Region Kayes
0%
Turkey Province Kayseri
0%
Uganda District Kayunga
0%
Uganda District Kazo
0%
Tunisia Province Kebili
0%
Senegal Region Kédougou
0%
Taiwan City Keelung
0%
Tunisia Province Kef
0%
Latvia Municipality Ķekava
0%
Russia Region Kemerovo
0%
Cambodia Province Kep
0%
Kenya County Kericho
0%
Iran Province Kerman
0%
Iran Province Kermanshah
0%
Azerbaijan District Khachmaz
0%
Azerbaijan City Khankendi
0%
Russia Area Khanty-Mansiysk
0%
Algeria Province Khenchela
0%
Ukraine Region Kherson
0%
Azerbaijan District Khizi
0%
Ukraine Region Khmelnytskyi
0%
Azerbaijan District Khojali
0%
Azerbaijan District Khojavend
0%
Thailand Province Khon Kaen
0%
Afghanistan Province Khost
0%
Mongolia Province Khovd
0%
Bangladesh Division Khulna
0%
Kenya County Kiambu
0%
Uganda District Kibaale
0%
Uganda District Kiboga
0%
Uganda District Kibuku
0%
Uganda District Kibuube
0%
North Macedonia Municipality Kičevo
0%
Mali Region Kidal
0%
Slovenia Municipality Kidričevo
0%
Tanzania Region Kigoma
0%
Kenya County Kilifi
0%
Turkey Province Kilis
0%
Ireland County Kilkenny
0%
Guinea Region Kindia
0%
Turkey Province Kırıkkale
0%
Turkey Province Kırklareli
0%
Iraq Province Kirkuk
0%
Russia Region Kirov
0%
Turkey Province Kırşehir
0%
Uganda District Kiruhura
0%
Burundi Province Kirundo
0%
Uganda District Kiryandongo
0%
Kenya County Kisii
0%
Uganda District Kisoro
0%
Kenya County Kisumu
0%
Uganda District Kitgum
0%
Kenya County Kitui
0%
Iceland Municipality Kjósarhreppur
0%
Lithuania County Klaipėda
0%
Slovenia Municipality Kobarid
0%
Slovenia Municipality Kobilje
0%
Uganda District Koboko
0%
North Macedonia Municipality Kočani
0%
Slovenia Municipality Kočevje
0%
Montenegro Municipality Kolašin
0%
Senegal Region Kolda
0%
Uganda District Kole
0%
Slovenia Municipality Komen
0%
Slovenia Municipality Komenda
0%
North Macedonia Municipality Konče
0%
Vietnam Province Kon Tum
0%
Iceland Municipality Kópavogur
0%
Slovenia City Koper
0%
Croatia County Koprivnica
0%
Albania County Korçë
0%
Kazakhstan Region Kostanay
0%
Slovenia Municipality Kostanjevica na Krki
0%
Slovenia Municipality Kostel
0%
Russia Region Kostroma
0%
Uganda District Kotido
0%
Montenegro Municipality Kotor
0%
Mali Region Koulikoro
0%
Slovenia Municipality Kozje
0%
Thailand Province Krabi
0%
Slovenia City Kranj
0%
Slovenia Municipality Kranjska Gora
0%
Croatia County Krapina
0%
Latvia Municipality Krāslava
0%
Cambodia Province Kratié
0%
North Macedonia Municipality Kratovo
0%
North Macedonia Municipality Kriva Palanka
0%
North Macedonia Municipality Krivogaštani
0%
Slovenia Municipality Križevci
0%
Slovenia Municipality Krško
0%
North Macedonia Municipality Kruševo
0%
Brunei District Kuala Belait
0%
Malaysia State Kuala Terengganu
0%
Albania County Kukës
0%
Latvia Municipality Kuldīga
0%
North Macedonia Municipality Kumanovo
0%
Uganda District Kumi
0%
Afghanistan Province Kunduz
0%
Slovenia Municipality Kungota
0%
Azerbaijan District Kurdamir
0%
Russia Region Kurgan
0%
Russia Region Kursk
0%
Turkey Province Kütahya
0%
Slovenia Municipality Kuzma
0%
Marshall Islands Municipality Kwajalein
0%
Kenya County Kwale
0%
Uganda District Kyankwanzi
0%
Uganda District Kyegegwa
0%
Uganda District Kyenjojo
0%
Uganda District Kyotera
0%
Cyprus District Kyrenia
0%
Bulgaria Province Kyustendil
0%
Kazakhstan Region Kyzylorda
0%
Guinea Region Labé
0%
Saint Lucia District Laborie
0%
Azerbaijan District Lachin
0%
Algeria Province Laghouat
0%
Yemen Province Lahij
0%
Vietnam Province Lai Châu
0%
Andorra Parish La Massana
0%
Thailand Province Lampang
0%
Thailand Province Lamphun
0%
Kenya County Lamu
0%
Uganda District Lamwo
0%
Azerbaijan District Lankaran
0%
Azerbaijan City Lankaran
0%
Vietnam Province Lào Cai
0%
Argentina Province La Rioja
0%
Cyprus District Larnaca
0%
Dominican Republic Province La Romana
0%
Slovenia Municipality Laško
0%
Cuba Province Las Tunas
0%
Syria Province Latakia
0%
El Salvador Department La Unión
0%
Portugal District Leiria
0%
Slovenia Municipality Lenart
0%
Slovenia Municipality Lendava
0%
Moldova District Leova
0%
Azerbaijan District Lerik
0%
Seychelles District Les Mamelles
0%
Albania County Lezhë
0%
Bhutan District Lhuntse
0%
Marshall Islands Municipality Lib
0%
Czech Republic Region Liberec
0%
Latvia City Liepāja
0%
Marshall Islands Municipality Likiep
0%
Latvia Municipality Limbaži
0%
Ireland City-County Limerick
0%
Tanzania Region Lindi
0%
Russia Region Lipetsk
0%
North Macedonia Municipality Lipkovo
0%
East Timor Municipality Liquiçá
0%
Uganda District Lira
0%
Slovenia Municipality Litija
0%
Latvia Municipality Līvāni
0%
Slovenia Municipality Ljubno
0%
Slovenia Municipality Ljutomer
0%
Vietnam Province Lạng Sơn
0%
Botswana Town Lobatse
0%
Poland Province Łódź
0%
Thailand Province Loei
0%
Slovenia Municipality Logatec
0%
Slovenia Municipality Log-Dragomer
0%
Ecuador Province Loja
0%
Ireland County Longford
0%
Thailand Province Lopburi
0%
Senegal Region Louga
0%
Bulgaria Province Lovech
0%
Slovenia Municipality Lovrenc na Pohorju
0%
North Macedonia Municipality Lozovo
0%
Laos Province Luang Namtha
0%
Laos Province Luang Prabang
0%
Poland Province Lublin
0%
Slovenia Municipality Luče
0%
Latvia Municipality Ludza
0%
Ukraine Region Luhansk
0%
Slovenia Municipality Lukovica
0%
Uganda District Lusot
0%
Uganda District Luuka
0%
Uganda District Luweero
0%
Switzerland Canton Luzern
0%
Uganda District Lwengo
0%
Uganda District Lyantonde
0%
Kenya County Machakos
0%
Jordan Province Madaba
0%
Papua New Guinea Province Madang
0%
Qatar Municipality Madinat ash Shamal
0%
Latvia Municipality Madona
0%
Thailand Province Mae Hong Son
0%
Lesotho District Mafeteng
0%
Jordan Province Mafraq
0%
Myanmar Region Magway
0%
Thailand Province Maha Sarakham
0%
Tunisia Province Mahdia
0%
Slovenia Municipality Majšperk
0%
Burundi Province Makamba
0%
North Macedonia Municipality Makedonska Kamenica
0%
North Macedonia Municipality Makedonski Brod
0%
Slovenia Municipality Makole
0%
Malaysia State Malacca
0%
Angola Province Malanje
0%
Turkey Province Malatya
0%
Uruguay Departament Maldonado
0%
Guinea Region Mamou
0%
Uganda District Manafwa
0%
East Timor Municipality Manatuto
0%
Kenya County Mandera
0%
Turkey Province Manisa
0%
Tunisia Province Manouba
0%
Eswatini Region Manzini
0%
Uganda District Maracha
0%
Niger Region Maradi
0%
Turkey Province Mardin
0%
Yemen Province Ma'rib
0%
Slovenia City Maribor
0%
Lithuania County Marijampolė
0%
Libya District Marj
0%
Slovenia Municipality Markovci
0%
Kenya County Marsabit
0%
Latvia Municipality Mārupe
0%
Uganda District Masaka
0%
Azerbaijan District Masally
0%
Nicaragua Department Masaya
0%
Algeria Province Mascara
0%
Uganda District Masindi
0%
Zimbabwe Province Masvingo
0%
Nicaragua Department Matagalpa
0%
Senegal Region Matam
0%
Cuba Province Matanzas
0%
Liechtenstein Municipality Mauren
0%
Trinidad and Tobago Region Mayaro
0%
Uganda District Mayuge
0%
Uganda District Mbale
0%
Uganda District Mbarara
0%
Tanzania Region Mbeya
0%
Algeria Province Médéa
0%
Tunisia Province Medenine
0%
Slovenia Municipality Medvode
0%
Marshall Islands Municipality Mejit
0%
Spain City Melilla
0%
Mali Region Ménaka
0%
Slovenia Municipality Mengeš
0%
Luxembourg Canton Mersch
0%
Turkey Province Mersin
0%
Kenya County Meru
0%
Slovenia Municipality Metlika
0%
Slovenia Municipality Mežica
0%
Taiwan County Miaoli
0%
Saint Lucia District Micoud
0%
Kenya County Migori
0%
Slovenia Municipality Miklavž na Dravskem Polju
0%
Algeria Province Mila
0%
Azerbaijan City Mingachevir
0%
Egypt Province Minya
0%
Slovenia Municipality Miren-Kostanjevica
0%
Slovenia Municipality Mirna
0%
Slovenia Municipality Mirna Peč
0%
Slovenia Municipality Mislinja
0%
Libya District Misrata
0%
Uganda District Mitooma
0%
Kosovo District Mitrovica
0%
Uganda District Mityana
0%
North Macedonia Municipality Mogila
0%
Belarus Region Mogilev
0%
Lesotho District Mohale's Hoek
0%
Montenegro Municipality Mojkovac
0%
Lesotho District Mokhotlong
0%
Slovenia Municipality Mokronog-Trebelno
0%
Ireland County Monaghan
0%
Tunisia Province Monastir
0%
Bhutan District Mongar
0%
Bulgaria Province Montana
0%
Seychelles District Mont Buxton
0%
Dominican Republic Province Monte Cristi
0%
San Marino Municipality Montegiardino
0%
Dominican Republic Province Monte Plata
0%
Seychelles District Mont Fleuri
0%
Mali Region Mopti
0%
Peru Departament Moquegua
0%
Slovenia Municipality Moravče
0%
Slovenia Municipality Moravske Toplice
0%
Tanzania Region Morogoro
0%
Uganda District Moroto
0%
Iceland Municipality Mosfellsbær
0%
Algeria Province Mostaganem
0%
Cape Verde Municipality Mosteiros
0%
Uganda District Moyo
0%
Slovenia Municipality Mozirje
0%
Uganda District Mpigi
0%
Algeria Province M'Sila
0%
Tanzania Region Mtwara
0%
Kuwait Province Mubarak Al-Kabeer
0%
Uganda District Mubende
0%
Turkey Province Muğla
0%
Bahrain Province Muharraq
0%
Thailand Province Mukdahan
0%
Uganda District Mukono
0%
Burundi Province Muramvya
0%
Kenya County Murang'a
0%
Spain Community Murcia
0%
Slovenia City Murska Sobota
0%
Libya District Murzuq
0%
Slovenia Municipality Muta
0%
Burundi Province Muyinga
0%
Burundi Province Mwaro
0%
Ukraine Region Mykolaiv
0%
Bangladesh Division Mymensingh
0%
Lebanon Province Nabatieh
0%
Tunisia Province Nabeul
0%
Uganda District Nabilatuk
0%
Azerbaijan City Naftalan
0%
Iraq Province Najaf
0%
Saudi Arabia Region Najran
0%
Uganda District Nakapiripirit
0%
Uganda District Nakaseke
0%
Uganda District Nakasongola
0%
Azerbaijan Republic Nakhchivan
0%
Thailand Province Nakhon Nayok
0%
Thailand Province Nakhon Pathom
0%
Thailand Province Nakhon Phanom
0%
Thailand Province Nakhon Ratchasima
0%
Thailand Province Nakhon Sawan
0%
Thailand Province Nakhon Si Thammarat
0%
Slovenia Municipality Naklo
0%
Kenya County Nakuru
0%
Libya District Nalut
0%
Uzbekistan Region Namangan
0%
Uganda District Namayingo
0%
Vietnam Province Nam Định
0%
Marshall Islands Municipality Namdrik
0%
Uganda District Namisindwa
0%
North Korea Special City Nampo
0%
Mozambique Province Nampula
0%
Uganda District Namutumba
0%
Thailand Province Nan
0%
Taiwan County Nantou
0%
Tuvalu Island Nanumanga
0%
Tuvalu Island Nanumea
0%
Uganda District Napak
0%
Thailand Province Narathiwat
0%
Kenya County Narok
0%
Kyrgyzstan Region Naryn
0%
Uzbekistan Region Navoiy
0%
Slovenia Municipality Nazarje
0%
Uganda District Nebbi
0%
Azerbaijan District Neftchala
0%
North Macedonia Municipality Negotino
0%
Switzerland Canton Neuchâtel
0%
Turkey Province Nevşehir
0%
India Territory New Delhi
0%
Uganda District Ngora
0%
Burundi Province Ngozi
0%
Nauru District Nibok
0%
Suriname District Nieuw-Nickerie
0%
Turkey Province Niğde
0%
Montenegro Municipality Nikšić
0%
Vietnam Province Ninh Bình
0%
Moldova District Nisporeni
0%
Slovakia Region Nitra
0%
Tuvalu Island Niulakita
0%
Tuvalu Island Niutao
0%
Tanzania Region Njombe
0%
Thailand Province Nong Bua Lam Phu
0%
Thailand Province Nong Khai
0%
Thailand Province Nonthaburi
0%
Mauritania Region Nouadhibou
0%
North Macedonia Municipality Novaci
0%
Slovenia City Nova Gorica
0%
Slovenia City Novo Mesto
0%
North Macedonia Municipality Novo Selo
0%
Uganda District Ntoroko
0%
Uganda District Ntungamo
0%
Tuvalu Island Nui
0%
Tuvalu Island Nukufetau
0%
Tuvalu Island Nukulaelae
0%
Uganda District Nwoya
0%
Kenya County Nyamira
0%
Kenya County Nyeri
0%
Guinea Region Nzérékoré
0%
North Macedonia Municipality Obleševo
0%
Djibouti Region Obock
0%
Uganda District Obongi
0%
Moldova District Ocnița
0%
Slovenia Municipality Odranci
0%
Azerbaijan District Oghuz
0%
Latvia Municipality Ogre
0%
North Macedonia Municipality Ohrid
0%
Uganda District Okollo
0%
Latvia Municipality Olaine
0%
Mongolia Province Ölgii
0%
Czech Republic Region Olomouc
0%
Slovenia Municipality Oplotnica
0%
Poland Province Opole
0%
Botswana Town Orapa
0%
Andorra Parish Ordino
0%
Turkey Province Ordu
0%
Sweden County Örebro
0%
Moldova District Orhei
0%
Slovenia Municipality Ormož
0%
Bolivia Department Oruro
0%
Russia Region Oryol
0%
Kyrgyzstan City Osh
0%
Kyrgyzstan Region Osh
0%
Croatia County Osijek
0%
Slovenia Municipality Osilnica
0%
Norway Region Oslo
0%
Turkey Province Osmaniye
0%
Uganda District Otuke
0%
Algeria Province Ouargla
0%
Algeria Province Ouled Djellal
0%
Algeria Province Oum el-Bouaghi
0%
Uganda District Oyam
0%
Uganda District Pader
0%
Cambodia Province Pailin
0%
Uganda District Pakwach
0%
Uganda District Pallisa
0%
Lithuania County Panevėžys
0%
Cyprus District Paphos
0%
Paraguay Departament Paraguarí
0%
Czech Republic Region Pardubice
0%
Estonia County Pärnu
0%
Thailand Province Pathum Thani
0%
Thailand Province Pattani
0%
Kazakhstan Region Pavlodar
0%
Uruguay Departament Paysandú
0%
Bulgaria Province Pazardzhik
0%
Kosovo District Peć
0%
Dominican Republic Province Pedernales
0%
North Macedonia Municipality Pehčevo
0%
Bhutan District Pemagatshel
0%
Trinidad and Tobago Region Penal
0%
Russia Region Penza
0%
Bulgaria Province Pernik
0%
Seychelles District Perseverance Island
0%
Seychelles District Perseverance Island
0%
Slovenia Municipality Pesnica
0%
Montenegro Municipality Petnjica
0%
North Macedonia Municipality Petrovec
0%
Thailand Province Phang Nga
0%
Thailand Province Phatthalung
0%
Thailand Province Phayao
0%
Thailand Province Phetchabun
0%
Thailand Province Phetchaburi
0%
Thailand Province Phichit
0%
Thailand Province Phitsanulok
0%
Laos Province Phongsali
0%
Thailand Province Phrae
0%
Thailand Province Phra Nakhon Si Ayutthaya
0%
Thailand Province Phuket
0%
Romania County Piatra Neamț
0%
South Sudan Area Pibor
0%
Cuba Province Pinar del Río
0%
Taiwan County Pingtung
0%
Slovenia Municipality Piran
0%
Serbia District Pirot
0%
Peru Departament Piura
0%
Slovenia Municipality Pivka
0%
Seychelles District Plaisance
0%
Liechtenstein Municipality Planken
0%
North Macedonia Municipality Plasnica
0%
Montenegro Municipality Plav
0%
Bulgaria Province Pleven
0%
Montenegro Municipality Pljevlja
0%
Bulgaria Province Plovdiv
0%
Montenegro Municipality Plužine
0%
Czech Republic Region Plzeň
0%
Slovenia Municipality Podčetrtek
0%
Slovenia Municipality Podlehnik
0%
Slovenia Municipality Podvelka
0%
Seychelles District Pointe La Rue
0%
Republic of the Congo Department Pointe-Noire
0%
Trinidad and Tobago Municipality Point Fortin
0%
Slovenia Municipality Polhov Gradec
0%
Slovenia Municipality Poljčane
0%
Ukraine Region Poltava
0%
Estonia County Põlva
0%
Slovenia Municipality Polzela
0%
Portugal District Portalegre
0%
Seychelles District Port Glaud
0%
Ireland County Portlaoise
0%
Cape Verde Municipality Porto Novo
0%
Slovenia Municipality Postojna
0%
Bolivia Department Potosí
0%
Croatia County Požega
0%
Thailand Province Prachinburi
0%
Thailand Province Prachuap Khiri Khan
0%
Cambodia Province Preah Vihear
0%
Slovenia Municipality Prebold
0%
Slovenia Municipality Preddvor
0%
Latvia Municipality Preiļi
0%
Slovakia Region Prešov
0%
Slovenia Municipality Prevalje
0%
Cambodia Province Prey Veng
0%
North Macedonia Municipality Prilep
0%
Trinidad and Tobago Region Princes Town
0%
Kosovo District Prizren
0%
North Macedonia Municipality Probištip
0%
Russia Region Pskov
0%
Slovenia City Ptuj
0%
Slovenia Municipality Puconci
0%
Dominican Republic Province Puerto Plata
0%
Bhutan District Punakha
0%
Peru Departament Puno
0%
Costa Rica Province Puntarenas
0%
Cambodia Province Pursat
0%
Malaysia Territory Putrajaya
0%
Azerbaijan District Qabala
0%
Lesotho District Qacha's Nek
0%
Azerbaijan District Qakh
0%
Azerbaijan District Qazakh
0%
Iran Province Qazvin
0%
Egypt Province Qena
0%
Azerbaijan District Quba
0%
Azerbaijan District Qubadli
0%
Guatemala Department Quetzaltenango
0%
Syria Province Quneitra
0%
Vietnam Province Quảng Ngãi
0%
Azerbaijan District Qusar
0%
Lesotho District Quthing
0%
Slovenia Municipality Rače - Fram
0%
Slovenia Municipality Radeče
0%
Slovenia Municipality Radenci
0%
Slovenia Municipality Radlje ob Dravi
0%
North Macedonia Municipality Radoviš
0%
Slovenia Municipality Radovljica
0%
Bangladesh Division Rajshahi
0%
Uganda District Rakai
0%
Romania County Râmnicu Vâlcea
0%
Bangladesh Division Rangpur
0%
North Macedonia Municipality Rankovce
0%
Thailand Province Ranong
0%
Estonia County Rapla
0%
Syria Province Raqqa
0%
United Arab Emirates Emirate Ras al-Khaimah
0%
North Korea Special City Rason
0%
Thailand Province Ratchaburi
0%
Slovenia Municipality Ravne na Koroškem
0%
Yemen Province Raymah
0%
Thailand Province Rayong
0%
Bulgaria Province Razgrad
0%
Slovenia Municipality Razkrižje
0%
Slovenia Municipality Rečica ob Savinji
0%
Luxembourg Canton Redange
0%
Algeria Province Relizane
0%
Luxembourg Canton Remich
0%
North Macedonia Municipality Resen
0%
Guatemala Department Retalhuleu
0%
Iceland Municipality Reykhólar
0%
Iceland Municipality Reykjanesbær
0%
Latvia City Rēzekne
0%
Latvia Municipality Rēzekne
0%
Moldova District Rezina
0%
Cape Verde Municipality Ribeira Brava
0%
Slovenia Municipality Ribnica
0%
Slovenia Municipality Ribnica na Pohorju
0%
Moldova District Rîșcani
0%
Nicaragua Department Rivas
0%
Uruguay Departament Rivera
0%
Liberia County River Cess
0%
Ukraine Region Rivne
0%
Turkey Province Rize
0%
Uruguay Departament Rocha
0%
Seychelles District Roche Caïman
0%
Slovenia Municipality Rogaška Slatina
0%
Slovenia Municipality Rogašovci
0%
Slovenia Municipality Rogatec
0%
Thailand Province Roi Et
0%
Marshall Islands Municipality Rongelap
0%
Latvia Municipality Ropaži
0%
Ireland County Roscommon
0%
North Macedonia Municipality Rosoman
0%
North Macedonia Municipality Rostuša
0%
Montenegro Municipality Rožaje
0%
Uganda District Rubanda
0%
Uganda District Rubirizi
0%
Liechtenstein Municipality Ruggell
0%
Uganda District Rukungiri
0%
Bahamas District Rum Cay
0%
Burundi Province Rumonge
0%
Slovenia Municipality Ruše
0%
Bulgaria Province Ruse
0%
Burundi Province Rutana
0%
Burundi Province Ruyigi
0%
Azerbaijan District Saatly
0%
Libya District Sabha
0%
Azerbaijan District Sabirabad
0%
Yemen Province Sa'dah
0%
Myanmar Region Sagaing
0%
Algeria Province Saïda
0%
Dominica Parish Saint Joseph
0%
Senegal Region Saint-Louis
0%
Seychelles District Saint Louis
0%
Thailand Province Sa Kaeo
0%
Thailand Province Sakon Nakhon
0%
Latvia Municipality Salaspils
0%
Laos Province Salavan
0%
Latvia Municipality Saldus
0%
Slovenia Municipality Šalovci
0%
Azerbaijan District Salyan
0%
Dominican Republic Province Samaná
0%
Afghanistan Province Samangan
0%
Bhutan District Samdrup Jongkhar
0%
Turkey Province Samsun
0%
Bhutan District Samtse
0%
Thailand Province Samut Prakan
0%
Thailand Province Samut Sakhon
0%
Thailand Province Samut Songkhram
0%
Dominican Republic Province San Cristóbal
0%
Cuba Province Sancti Spíritus
0%
Trinidad and Tobago Municipality San Fernando
0%
Trinidad and Tobago Region Sangre Grande
0%
Dominican Republic Province San José de Ocoa
0%
Dominican Republic Province San Juan de la Maguana
0%
Turkey Province Şanlıurfa
0%
Guatemala Department San Marcos
0%
El Salvador Department San Miguel
0%
Argentina Province San Miguel de Tucumán
0%
Dominican Republic Province San Pedro de Macorís
0%
El Salvador Department Santa Ana
0%
Honduras Department Santa Bárbara
0%
Cuba Province Santa Clara
0%
Bolivia Department Santa Cruz de la Sierra
0%
Ecuador Province Santa Elena
0%
Portugal District Santarém
0%
Cuba Province Santiago de Cuba
0%
Argentina Province Santiago del Estero
0%
Dominican Republic Province Santiago de los Caballeros
0%
Panama Province Santiago de Veraguas
0%
Andorra Parish Sant Julià de Lòria
0%
Ecuador Province Santo Domingo de los Colorados
0%
Dominican Republic Province Santo Domingo Este
0%
El Salvador Department San Vicente
0%
Cape Verde Municipality São Domingos
0%
Cape Verde Municipality São Filipe
0%
Thailand Province Saraburi
0%
Afghanistan Province Sar-e Pol
0%
Bhutan District Sarpang
0%
Romania County Satu Mare
0%
Thailand Province Satun
0%
Latvia Municipality Saulkrasti
0%
Laos Province Savannakhét
0%
Montenegro Municipality Šavnik
0%
Switzerland Canton Schaffhausen
0%
Liechtenstein Municipality Schellenberg
0%
Switzerland Canton Schwyz
0%
Senegal Region Sédhiou
0%
Mali Region Ségou
0%
South Korea Province Sejong
0%
Botswana Town Selebi-Phikwe
0%
Slovenia Municipality Selnica ob Dravi
0%
Iceland Municipality Seltjarnarnes
0%
Uganda District Sembabule
0%
Slovenia Municipality Semič
0%
Iran Province Semnan
0%
Slovenia Municipality Šempeter - Vrtojba
0%
Slovenia Municipality Šenčur
0%
Slovenia Municipality Šentilj
0%
Slovenia Municipality Šentjernej
0%
Slovenia Municipality Šentjur
0%
Slovenia Municipality Šentrupert
0%
Uganda District Serere
0%
San Marino Municipality Serravalle
0%
Algeria Province Sétif
0%
Portugal District Setúbal
0%
Russia City Sevastopol
0%
Slovenia Municipality Sevnica
0%
Iceland Municipality Seyðisfjörður
0%
Slovenia Municipality Sežana
0%
Azerbaijan District Shabran
0%
Azerbaijan District Shaki
0%
Azerbaijan City Shaki
0%
Azerbaijan District Shamakhi
0%
Azerbaijan District Shamkir
0%
United Arab Emirates Emirate Sharjah
0%
Tanzania Region Shinyanga
0%
Azerbaijan City Shirvan
0%
Albania County Shkodër
0%
Bulgaria Province Shumen
0%
Azerbaijan City Shusha
0%
Azerbaijan District Shusha
0%
Lithuania County Šiauliai
0%
Kenya County Siaya
0%
Azerbaijan District Siazan
0%
Croatia County Šibenik
0%
Romania County Sibiu
0%
Algeria Province Sidi Bel Abbès
0%
Tunisia Province Sidi Bouzid
0%
Latvia Municipality Sigulda
0%
Cambodia Province Sihanoukville
0%
Turkey Province Siirt
0%
Mali Region Sikasso
0%
Tunisia Province Siliana
0%
Bulgaria Province Silistra
0%
Thailand Province Sing Buri
0%
Moldova District Sîngerei
0%
Tanzania Region Singida
0%
Turkey Province Sinop
0%
Trinidad and Tobago Region Siparia
0%
Turkey Province Şırnak
0%
Uganda District Sironko
0%
Libya District Sirte
0%
Croatia County Sisak
0%
Thailand Province Sisaket
0%
Turkey Province Sivas
0%
Iceland Municipality Skagaströnd
0%
Algeria Province Skikda
0%
Slovenia Municipality Škocjan
0%
Slovenia Municipality Škofja Loka
0%
Slovenia Municipality Škofljica
0%
Iceland Municipality Skorradalshreppur
0%
Croatia County Slavonski Brod
0%
Ireland County Sligo
0%
Bulgaria Province Sliven
0%
Slovenia City Slovenj Gradec
0%
Slovenia Municipality Slovenska Bistrica
0%
Slovenia Municipality Slovenske Konjice
0%
Slovenia Municipality Šmarje pri Jelšah
0%
Slovenia Municipality Šmarješke Toplice
0%
Slovenia Municipality Šmartno ob Paki
0%
Slovenia Municipality Šmartno pri Litiji
0%
Latvia Municipality Smiltene
0%
Russia Region Smolensk
0%
Bulgaria Province Smolyan
0%
Vietnam Province Sóc Trăng
0%
Slovenia Municipality Sodražica
0%
Egypt Province Sohag
0%
Nigeria State Sokoto
0%
Slovenia Municipality Solčava
0%
Moldova District Șoldănești
0%
Guatemala Department Sololá
0%
Switzerland Canton Solothurn
0%
Thailand Province Songkhla
0%
Vietnam Province Sơn La
0%
El Salvador Department Sonsonate
0%
North Macedonia Municipality Sopište
0%
Moldova District Soroca
0%
Uganda District Soroti
0%
Slovenia Municipality Šoštanj
0%
Saint Lucia District Soufrière
0%
Algeria Province Souk Ahras
0%
Botswana Township Sowa
0%
Slovenia Municipality Spodnje Gorje
0%
Slovenia Municipality Spodnje Hoče
0%
Slovenia Municipality Spodnji Duplek
0%
Slovenia Municipality Središče ob Dravi
0%
Bulgaria Province Stara Zagora
0%
North Macedonia Municipality Star Dojran
0%
North Macedonia Municipality Staro Nagoričane
0%
Slovenia Municipality Starše
0%
Russia Territory Stavropol
0%
Moldova District Ștefan Vodă
0%
Switzerland Canton St. Gallen
0%
North Macedonia Municipality Štip
0%
Sweden County Stockholm
0%
Slovenia Municipality Štore
0%
Iceland Municipality Strandabyggð
0%
Moldova District Strășeni
0%
Slovenia Municipality Straža
0%
North Macedonia Municipality Struga
0%
North Macedonia Municipality Strumica
0%
North Macedonia Municipality Studeničani
0%
Cambodia Province Stung Treng
0%
Iceland Municipality Stykkishólmur
0%
Romania County Suceava
0%
Iceland Municipality Súðavík
0%
Thailand Province Sukhothai
0%
Iraq Province Sulaymaniyah
0%
Azerbaijan City Sumqayit
0%
Ukraine Region Sumy
0%
Thailand Province Suphan Buri
0%
Thailand Province Surat Thani
0%
Thailand Province Surin
0%
Cambodia Province Svay Rieng
0%
Slovenia Municipality Sveta Ana
0%
Slovenia Municipality Sveta Trojica v Slovenskih Goricah
0%
Slovenia Municipality Sveti Jurij ob Ščavnici
0%
North Macedonia Municipality Sveti Nikole
0%
Slovenia Municipality Sveti Tomaž
0%
Bangladesh Division Sylhet
0%
Hungary County Szolnok
0%
Slovenia Municipality Tabor
0%
Tanzania Region Tabora
0%
Saudi Arabia Region Tabuk
0%
Peru Departament Tacna
0%
Uruguay Departament Tacuarembó
0%
Djibouti Region Tadjoura
0%
Jordan Province Tafilah
0%
Niger Region Tahoua
0%
Taiwan County Taitung
0%
Yemen Province Taiz
0%
Thailand Province Tak
0%
Seychelles District Takamaka
0%
Kyrgyzstan Region Talas
0%
Iceland Municipality Tálknafjörður
0%
Latvia Municipality Talsi
0%
Algeria Province Tamanghasset
0%
Senegal Region Tambacounda
0%
Russia Region Tambov
0%
Tanzania Region Tanga
0%
Mali Region Taoudénit
0%
Taiwan Municipality Taoyuan
0%
Moldova District Taraclia
0%
Bulgaria Province Targovishte
0%
Romania County Târgu Mureș
0%
Bolivia Department Tarija
0%
Cape Verde Municipality Tarrafal
0%
Cape Verde Municipality Tarrafal de São Nicolau
0%
Azerbaijan District Tartar
0%
Syria Province Tartus
0%
Tunisia Province Tataouine
0%
Lithuania County Tauragė
0%
Vietnam Province Tây Ninh
0%
North Macedonia Municipality Tearce
0%
Algeria Province Tébessa
0%
Turkey Province Tekirdağ
0%
Moldova District Telenești
0%
Lithuania County Telšiai
0%
Ukraine Region Ternopil
0%
Mozambique Province Tete
0%
North Macedonia Municipality Tetovo
0%
Lesotho District Thaba-Tseka
0%
Vietnam Province Thái Bình
0%
Vietnam Province Thái Nguyên
0%
Vietnam Province Thanh Hóa
0%
Algeria Province Tiaret
0%
Niger Region Tillabéri
0%
Algeria Province Timimoun
0%
Romania County Timișoara
0%
Algeria Province Tindouf
0%
Algeria Province Tipaza
0%
Slovenia Municipality Tišina
0%
Algeria Province Tissemsilt
0%
Montenegro Municipality Tivat
0%
Algeria Province Tizi Ouzou
0%
Iceland Municipality Tjörneshreppur
0%
Algeria Province Tlemcen
0%
Turkey Province Tokat
0%
Slovenia Municipality Tolmin
0%
Mali Region Tombouctou
0%
Russia Region Tomsk
0%
Uganda District Tororo
0%
Guatemala Department Totonicapán
0%
Algeria Province Touggourt
0%
Azerbaijan District Tovuz
0%
Tunisia Province Tozeur
0%
Turkey Province Trabzon
0%
Thailand Province Trang
0%
Bhutan District Trashigang
0%
Thailand Province Trat
0%
Vietnam Province Trà Vinh
0%
Slovenia Municipality Trbovlje
0%
Slovenia Municipality Trebnje
0%
Uruguay Departament Treinta y Tres
0%
Slovakia Region Trenčín
0%
Liechtenstein Municipality Triesen
0%
Liechtenstein Municipality Triesenberg
0%
Slovakia Region Trnava
0%
Slovenia Municipality Trnovska Vas
0%
Bhutan District Trongsa
0%
Slovenia Municipality Tržič
0%
Slovenia Municipality Trzin
0%
Bhutan District Tshongdue
0%
Latvia Municipality Tukums
0%
Russia Region Tula
0%
Romania County Tulcea
0%
Peru Departament Tumbes
0%
Trinidad and Tobago Region Tunapuna
0%
Turkey Province Tunceli
0%
Kazakhstan Region Turkistan
0%
Slovenia Municipality Turnišče
0%
Brunei District Tutong
0%
Vietnam Province Tuyên Quang
0%
Montenegro Municipality Tuzi
0%
Russia Region Tver
0%
Nauru District Uaboe
0%
Thailand Province Ubon Ratchathani
0%
Thailand Province Udon Thani
0%
Angola Province Uíge
0%
Marshall Islands Municipality Ujae
0%
Azerbaijan District Ujar
0%
Montenegro Municipality Ulcinj
0%
Russia Region Ulyanovsk
0%
United Arab Emirates Emirate Umm al-Quwain
0%
Qatar Municipality Umm Salal Ali
0%
Moldova District Ungheni
0%
Sweden County Uppsala
0%
Turkey Province Uşak
0%
Czech Republic Region Ústí nad Labem
0%
El Salvador Department Usulután
0%
Lithuania County Utena
0%
Thailand Province Uthai Thani
0%
Marshall Islands Municipality Utirik
0%
Thailand Province Uttaradit
0%
Tuvalu Island Vaitupu
0%
North Macedonia Municipality Valandovo
0%
Estonia County Valga
0%
Latvia Municipality Valka
0%
Latvia Municipality Valmiera
0%
Latvia Municipality Varakļāni
0%
Croatia County Varaždin
0%
Bulgaria Province Varna
0%
North Macedonia Municipality Vasilevo
0%
Romania County Vaslui
0%
Slovenia City Velenje
0%
North Macedonia Municipality Veles
0%
Slovenia Municipality Velika Polana
0%
Slovenia Municipality Velike Lašče
0%
Bulgaria Province Veliko Tarnovo
0%
Russia Region Veliky Novgorod
0%
Latvia City Ventspils
0%
Latvia Municipality Ventspils
0%
Slovenia Municipality Veržej
0%
Hungary County Veszprém
0%
North Macedonia Municipality Vevčani
0%
Portugal District Viana do Castelo
0%
Luxembourg Canton Vianden
0%
Mexico State Victoria de Durango
0%
Slovenia Municipality Videm
0%
Bulgaria Province Vidin
0%
Saint Lucia District Vieux Fort
0%
Kenya County Vihiga
0%
Portugal District Vila Real
0%
Estonia County Viljandi
0%
Vietnam Province Vĩnh Long
0%
North Macedonia Municipality Vinica
0%
Ukraine Region Vinnytsia
0%
Slovenia Municipality Vipava
0%
East Timor Municipality Viqueque
0%
Croatia County Virovitica
0%
Portugal District Viseu
0%
Slovenia Municipality Vitanje
0%
Belarus Region Vitebsk
0%
Russia Region Vladimir
0%
Albania County Vlorë
0%
Slovenia Municipality Vodice
0%
Iceland Municipality Vogar
0%
Slovenia Municipality Vojnik
0%
Russia Region Vologda
0%
Iceland Municipality Vopnafjörður
0%
Estonia County Võru
0%
Slovenia Municipality Vransko
0%
North Macedonia Municipality Vrapčište
0%
Bulgaria Province Vratsa
0%
Slovenia Municipality Vrhnika
0%
Croatia County Vukovar
0%
Slovenia Municipality Vuzenica
0%
Kenya County Wajir
0%
Uganda District Wakiso
0%
Bhutan District Wangdue
0%
Ireland City-County Waterford
0%
Ireland County Wexford
0%
Ireland County Wicklow
0%
Luxembourg Canton Wiltz
0%
Marshall Islands Municipality Wotho
0%
Marshall Islands Municipality Wotje
0%
Laos Province Xaignabouli
0%
Laos Province Xékong
0%
Thailand Province Yala
0%
Turkey Province Yalova
0%
Bulgaria Province Yambol
0%
Bhutan District Yangtse
0%
Azerbaijan District Yardymli
0%
Russia Region Yaroslavl
0%
Thailand Province Yasothon
0%
Iran Province Yazd
0%
Vietnam Province Yên Bái
0%
Azerbaijan City Yevlakh
0%
Azerbaijan District Yevlakh
0%
Taiwan County Yilan
0%
Honduras Department Yoro
0%
Turkey Province Yozgat
0%
Uganda District Yumbe
0%
Montenegro Municipality Žabljak
0%
Guatemala Department Zacapa
0%
Croatia County Zadar
0%
Tunisia Province Zaghouan
0%
Slovenia Municipality Zagorje ob Savi
0%
Serbia District Zaječar
0%
Hungary County Zalaegerszeg
0%
Slovenia Municipality Žalec
0%
Azerbaijan District Zangilan
0%
Iran Province Zanjan
0%
Ukraine Region Zaporizhia
0%
Azerbaijan District Zaqatala
0%
Azerbaijan District Zardab
0%
Jordan Province Zarqa
0%
Slovenia Municipality Zavrč
0%
Libya District Zawiya
0%
North Macedonia Municipality Zelenikovo
0%
Slovenia Municipality Železniki
0%
North Macedonia Municipality Želino
0%
Slovenia Municipality Žetale
0%
Slovenia Municipality Zgornja Hajdina
0%
Bhutan District Zhemgang
0%
Ukraine Region Zhytomyr
0%
Senegal Region Ziguinchor
0%
Slovakia Region Žilina
0%
Niger Region Zinder
0%
Slovenia Municipality Žiri
0%
Slovenia Municipality Žirovnica
0%
Czech Republic Region Zlín
0%
Uganda District Zombo
0%
Turkey Province Zonguldak
0%
Slovenia Municipality Zreče
0%
North Macedonia Municipality Zrnovci
0%
Switzerland Canton Zug
0%
Slovenia Municipality Žužemberk
0%
No matching quizzes found
Score Distribution
Percent of People with Each Score
Percentile by Number Answered
Your Score History
You have not taken this quiz